| 000 | 01651nam a22003734a 4500 | ||
|---|---|---|---|
| 001 | ebr10171726 | ||
| 003 | CaPaEBR | ||
| 006 | m u | ||
| 007 | cr cn||||||||| | ||
| 008 | 050217s2005 ne a sb 011 0 eng | ||
| 010 | _z 2005042196 | ||
| 020 | _z9004144250 (alk. paper) | ||
| 040 |
_aCaPaEBR _cCaPaEBR |
||
| 035 | _a(OCoLC)191952881 | ||
| 041 | 0 |
_aeng _ager |
|
| 043 | _af-ua--- | ||
| 050 | 1 | 4 |
_aBL2441.3 _b.W57 2005eb |
| 082 | 0 | 4 |
_a200/.93 _222 |
| 245 | 0 | 4 |
_aThe wisdom of Egypt _h[electronic resource] : _bJewish, early Christian, and gnostic essays in honour of Gerard P. Luttikhuizen / _cedited by Anthony Hilhorst and George H. van Kooten. |
| 260 |
_aLeiden ; _aBoston : _bBrill, _c2005. |
||
| 300 |
_axii, 556 p. : _bill. |
||
| 490 | 1 |
_aAncient Judaism & early Christianity, _x0169-734X = _aArbeiten zur Geschichte des antiken Judentums und des Urchristentums ; _v59 |
|
| 504 | _aIncludes bibliographical references (p. [537]-547) and indexes. | ||
| 533 |
_aElectronic reproduction. _bPalo Alto, Calif. : _cebrary, _d2013. _nAvailable via World Wide Web. _nAccess may be limited to ebrary affiliated libraries. |
||
| 630 | 0 | 0 |
_aBible. _pO.T. _xCriticism, interpretation, etc. |
| 651 | 0 |
_aEgypt _xReligion. |
|
| 655 | 7 |
_aElectronic books. _2local |
|
| 700 | 1 | _aHilhorst, A. | |
| 700 | 1 |
_aKooten, Geurt Hendrik van, _d1969- |
|
| 700 | 1 | _aLuttikhuizen, Gerard P. | |
| 710 | 2 | _aebrary, Inc. | |
| 830 | 0 |
_aArbeiten zur Geschichte des antiken Judentums und des Urchristentums ; _vBd. 59. |
|
| 856 | 4 | 0 |
_uhttp://site.ebrary.com/lib/rucke/Doc?id=10171726 _zAn electronic book accessible through the World Wide Web; click to view |
| 999 |
_c249314 _d249314 |
||